000 00696nam a2200289Ia 4500
005 20260324125325.0
008 008 260324s9999 xx 000 0 eng d
020 _a9781315248615
037 _aEBOOK
040 _aCRL
040 _beng
040 _cCRL
041 _2eng
041 _aeng
084 _qCRL
100 _aAnna-Karina Hermkens; Willy Jansen
_91177552
245 0 _aMoved by Mary
245 4 _bThe Power of Pilgrimage in the Modern World
260 _bTaylor and Francis
260 _c2009
365 _a
365 _b210
856 _uhttp://www.taylorfrancis.com/books/9781315248615
942 _cEBOOK
999 _c1772691
_d1772691